00297nam a2200121Ia 4500008004100000100001800041245002500059260004900084300000900133650001100142942000700153999001500160190216s9999||||xx |||||||||||||| ||und|| aNorman S Cohn 0aElements Of Cytology bHarcourt Brace Jovanovich College Pubsc1964 a495p aBotany cBK c1173d1173